<?xml version="1.0" encoding="UTF-8"?>
<record
    xmlns:xsi="http://www.w3.org/2001/XMLSchema-instance"
    xsi:schemaLocation="http://www.loc.gov/MARC21/slim http://www.loc.gov/standards/marcxml/schema/MARC21slim.xsd"
    xmlns="http://www.loc.gov/MARC21/slim">

  <leader>02002nam0a22003131  4500</leader>
  <controlfield tag="001">v19\rc\1519806</controlfield>
  <controlfield tag="005">20260406180540.0</controlfield>
  <datafield tag="035" ind1=" " ind2=" ">
    <subfield code="a">(NLR Aleph) 004642612</subfield>
  </datafield>
  <datafield tag="090" ind1=" " ind2=" ">
    <subfield code="a">3314896</subfield>
    <subfield code="c">3314896</subfield>
  </datafield>
  <datafield tag="100" ind1=" " ind2=" ">
    <subfield code="a">20060620d1885    |||y0rusy50      ca</subfield>
  </datafield>
  <datafield tag="101" ind1="0" ind2=" ">
    <subfield code="a">rus</subfield>
  </datafield>
  <datafield tag="102" ind1=" " ind2=" ">
    <subfield code="a">RU</subfield>
  </datafield>
  <datafield tag="105" ind1=" " ind2=" ">
    <subfield code="a">y   z   |||c|</subfield>
  </datafield>
  <datafield tag="200" ind1="1" ind2=" ">
    <subfield code="a">&#x41A;&#x440;&#x430;&#x442;&#x43A;&#x438;&#x439; &#x43E;&#x447;&#x435;&#x440;&#x43A; &#x434;&#x432;&#x430;&#x434;&#x446;&#x430;&#x442;&#x438;&#x43B;&#x435;&#x442;&#x43D;&#x435;&#x433;&#x43E; &#x441;&#x443;&#x449;&#x435;&#x441;&#x442;&#x432;&#x43E;&#x432;&#x430;&#x43D;&#x438;&#x44F; (1861-1881) &#x41D;&#x438;&#x43A;&#x43E;&#x43B;&#x430;&#x435;&#x432;&#x441;&#x43A;&#x43E;&#x433;&#x43E; &#x432; &#x411;&#x43E;&#x43B;&#x44C;&#x448;&#x438;&#x445; &#x421;&#x43E;&#x43B;&#x44F;&#x445;, &#x41A;&#x43E;&#x441;&#x442;&#x440;&#x43E;&#x43C;&#x441;&#x43A;&#x43E;&#x439; &#x433;&#x443;&#x431;&#x435;&#x440;&#x43D;&#x438;&#x438; &#x434;&#x432;&#x443;&#x445;&#x43A;&#x43B;&#x430;&#x441;&#x441;&#x43D;&#x43E;&#x433;&#x43E; &#x43F;&#x440;&#x438;&#x445;&#x43E;&#x434;&#x441;&#x43A;&#x43E;&#x433;&#x43E; &#x443;&#x447;&#x438;&#x43B;&#x438;&#x449;&#x430; &#x438; &#x43F;&#x438;&#x441;&#x44C;&#x43C;&#x430; &#x435;&#x433;&#x43E; &#x43E;&#x441;&#x43D;&#x43E;&#x432;&#x430;&#x442;&#x435;&#x43B;&#x44F; &#x438; &#x43F;&#x43E;&#x447;&#x435;&#x442;&#x43D;&#x43E;&#x433;&#x43E; &#x431;&#x43B;&#x44E;&#x441;&#x442;&#x438;&#x442;&#x435;&#x43B;&#x44F; &#x41A;.&#x410;. &#x41F;&#x43E;&#x43F;&#x43E;&#x432;&#x430; &#x43A; &#x437;&#x430;&#x432;&#x435;&#x434;&#x44B;&#x432;&#x430;&#x44E;&#x449;&#x435;&#x43C;&#x443; &#x443;&#x447;&#x438;&#x43B;&#x438;&#x449;&#x435;&#x43C;</subfield>
    <subfield code="f">&#x421;&#x43E;&#x441;&#x442;. &#x438; &#x438;&#x437;&#x434;. &#x414;.&#x418;. &#x421;&#x43E;&#x43A;&#x43E;&#x43B;&#x43E;&#x432;</subfield>
  </datafield>
  <datafield tag="210" ind1=" " ind2=" ">
    <subfield code="a">&#x41A;&#x43E;&#x441;&#x442;&#x440;&#x43E;&#x43C;&#x430;</subfield>
    <subfield code="d">1885</subfield>
  </datafield>
  <datafield tag="215" ind1=" " ind2=" ">
    <subfield code="a">178 &#x441;.</subfield>
    <subfield code="d">25</subfield>
  </datafield>
  <datafield tag="532" ind1="1" ind2="1">
    <subfield code="a">&#x41A;&#x440;&#x430;&#x442;&#x43A;&#x438;&#x439; &#x43E;&#x447;&#x435;&#x440;&#x43A; &#x434;&#x432;&#x430;&#x434;&#x446;&#x430;&#x442;&#x438;&#x43B;&#x435;&#x442;&#x43D;&#x435;&#x433;&#x43E; &#x441;&#x443;&#x449;&#x435;&#x441;&#x442;&#x432;&#x43E;&#x432;&#x430;&#x43D;&#x438;&#x44F; &#x442;&#x44B;&#x441;&#x44F;&#x447;&#x430; &#x432;&#x43E;&#x441;&#x435;&#x43C;&#x44C;&#x441;&#x43E;&#x442; &#x448;&#x435;&#x441;&#x442;&#x44C;&#x434;&#x435;&#x441;&#x44F;&#x442; &#x43F;&#x435;&#x440;&#x432;&#x44B;&#x439; - 1881) &#x41D;&#x438;&#x43A;&#x43E;&#x43B;&#x430;&#x435;&#x432;&#x441;&#x43A;&#x43E;&#x433;&#x43E; &#x432; &#x411;&#x43E;&#x43B;&#x44C;&#x448;&#x438;&#x445; &#x421;&#x43E;&#x43B;&#x44F;&#x445;, &#x41A;&#x43E;&#x441;&#x442;&#x440;&#x43E;&#x43C;&#x441;&#x43A;&#x43E;&#x439; &#x433;&#x443;&#x431;&#x435;&#x440;&#x43D;&#x438;&#x438; &#x434;&#x432;&#x443;&#x445;&#x43A;&#x43B;&#x430;&#x441;&#x441;&#x43D;&#x43E;&#x433;&#x43E; &#x43F;&#x440;&#x438;&#x445;&#x43E;&#x434;&#x441;&#x43A;&#x43E;&#x433;&#x43E; &#x443;&#x447;&#x438;&#x43B;&#x438;&#x449;&#x430; &#x438; &#x43F;&#x438;&#x441;&#x44C;&#x43C;&#x430; &#x435;&#x433;&#x43E; &#x43E;&#x441;&#x43D;&#x43E;&#x432;&#x430;&#x442;&#x435;&#x43B;&#x44F; &#x438; &#x43F;&#x43E;&#x447;&#x435;&#x442;&#x43D;&#x43E;&#x433;&#x43E; &#x431;&#x43B;&#x44E;&#x441;&#x442;&#x438;&#x442;&#x435;&#x43B;&#x44F; &#x41A;.&#x410;. &#x41F;&#x43E;&#x43F;&#x43E;&#x432;&#x430; &#x43A; &#x437;&#x430;&#x432;&#x435;&#x434;&#x44B;&#x432;&#x430;&#x44E;&#x449;&#x435;&#x43C;&#x443; &#x443;&#x447;&#x438;&#x43B;&#x438;&#x449;&#x435;&#x43C;</subfield>
  </datafield>
  <datafield tag="700" ind1=" " ind2="1">
    <subfield code="a">&#x421;&#x43E;&#x43A;&#x43E;&#x43B;&#x43E;&#x432;</subfield>
    <subfield code="b">&#x414;.&#x418;.</subfield>
    <subfield code="g">&#x414;&#x43C;&#x438;&#x442;&#x440;&#x438;&#x439; &#x418;&#x432;&#x430;&#x43D;&#x43E;&#x432;&#x438;&#x447;</subfield>
    <subfield code="4">220</subfield>
    <subfield code="4">650</subfield>
  </datafield>
  <datafield tag="702" ind1=" " ind2="1">
    <subfield code="4">570</subfield>
    <subfield code="a">&#x41F;&#x43E;&#x43F;&#x43E;&#x432;</subfield>
    <subfield code="b">&#x41A;. &#x410;.</subfield>
    <subfield code="c">&#x43A;&#x443;&#x43F;&#x435;&#x446;, &#x43F;&#x440;&#x43E;&#x43C;&#x44B;&#x448;&#x43B;&#x435;&#x43D;&#x43D;&#x438;&#x43A;, &#x43E;&#x431;&#x449;&#x435;&#x441;&#x442;&#x432;. &#x434;&#x435;&#x44F;&#x442;&#x435;&#x43B;&#x44C;</subfield>
    <subfield code="f">1814-1879</subfield>
    <subfield code="g">&#x41A;&#x43E;&#x43D;&#x441;&#x442;&#x430;&#x43D;&#x442;&#x438;&#x43D; &#x410;&#x431;&#x440;&#x430;&#x43C;&#x43E;&#x432;&#x438;&#x447;</subfield>
    <subfield code="9">226486</subfield>
    <subfield code="3">RU\NLR\AUTH\770226542</subfield>
  </datafield>
  <datafield tag="712" ind1="0" ind2="2">
    <subfield code="a">&#x411;&#x43E;&#x43B;&#x44C;&#x448;&#x435;&#x441;&#x43E;&#x43B;&#x44C;&#x441;&#x43A;&#x43E;&#x435; &#x41D;&#x438;&#x43A;&#x43E;&#x43B;&#x430;&#x435;&#x432;&#x441;&#x43A;&#x43E;&#x435; &#x434;&#x432;&#x443;&#x445;&#x43A;&#x43B;&#x430;&#x441;&#x441;&#x43D;&#x43E;&#x435; &#x43F;&#x440;&#x438;&#x445;&#x43E;&#x434;&#x441;&#x43A;&#x43E;&#x435; &#x443;&#x447;-&#x449;&#x435;</subfield>
    <subfield code="3">RU\NLR\AUTH\889945130</subfield>
    <subfield code="9">385569</subfield>
  </datafield>
  <datafield tag="801" ind1=" " ind2="0">
    <subfield code="a">RU</subfield>
    <subfield code="b">NLR</subfield>
    <subfield code="g">psbo</subfield>
  </datafield>
  <datafield tag="801" ind1=" " ind2="0">
    <subfield code="a">RU</subfield>
    <subfield code="b">RuMoRGB</subfield>
    <subfield code="2">psbo</subfield>
  </datafield>
  <datafield tag="801" ind1=" " ind2="1">
    <subfield code="a">RU</subfield>
    <subfield code="b">ProSoft-M</subfield>
    <subfield code="2">rusmarc</subfield>
  </datafield>
  <datafield tag="852" ind1=" " ind2=" ">
    <subfield code="a">NLR</subfield>
    <subfield code="j">18.218.2.27</subfield>
  </datafield>
  <datafield tag="899" ind1=" " ind2=" ">
    <subfield code="a">RuMoRGB</subfield>
    <subfield code="j">A 161/265</subfield>
  </datafield>
  <datafield tag="899" ind1=" " ind2=" ">
    <subfield code="a">&#x41D;&#x411; &#x41C;&#x413;&#x423;</subfield>
  </datafield>
  <datafield tag="942" ind1=" " ind2=" ">
    <subfield code="c">BOOK</subfield>
  </datafield>
  <datafield tag="980" ind1=" " ind2=" ">
    <subfield code="a">NB</subfield>
  </datafield>
  <datafield tag="995" ind1=" " ind2=" ">
    <subfield code="5">2013-10-26</subfield>
    <subfield code="b">NLR02</subfield>
    <subfield code="c">NLR02</subfield>
    <subfield code="e">RFS</subfield>
    <subfield code="f">4642612-10</subfield>
    <subfield code="k">18.218.2.27</subfield>
    <subfield code="o">0</subfield>
    <subfield code="r">BOOK</subfield>
    <subfield code="s">18218227_</subfield>
  </datafield>
  <datafield tag="995" ind1=" " ind2=" ">
    <subfield code="5">2013-10-26</subfield>
    <subfield code="b">NLR01</subfield>
    <subfield code="c">NLR01</subfield>
    <subfield code="e">TEMP</subfield>
    <subfield code="f">4642612-30</subfield>
    <subfield code="o">0</subfield>
    <subfield code="r">BOOK</subfield>
  </datafield>
</record>
